000 00682cam a22002293a 4500
001 18524
003 PGUSA
005 20140828083408.0
008 060607s2006||||xxu|||||s|||||000 p eng d
040 _aPGUSA
_beng
042 _adc
050 4 _aPR
100 1 _aSwinburne, Algernon Charles,
_d1837-1909
245 1 2 _aA Dark Month :
_bFrom Swinburne's Collected Poetical Works Vol. V
_h[electronic resource] /
_cAlgernon Charles Swinburne
260 _bProject Gutenberg,
_c2006
506 _aPublic domain in the USA.
516 _aElectronic text
653 _aPoetry
830 0 _aProject Gutenberg
_v18524
856 4 0 _uhttp://www.gutenberg.org/ebooks/18524
942 _cEB
999 _c247779
_d247779